000 01059cam a2200289 4500
001 WS114718
008 010921n 000 0 eng u
035 _a(Sirsi) u114718
110 _aForum of European Construction Professionals
_94141
245 _aForum of European Construction Professionals
520 _aWeb site for this organisation which brings together constructional professionals in Europe who collaborate on issues of concern to them. Includes details of EU legislation, social policy and professional issues.
650 _aEUROPE
650 _aORGANISATION
650 _aINTERNATIONAL
650 _aEU LEGISLATION
650 _aSOCIAL POLICY
650 _aTAXATION
650 _aMUTUAL RECOGNITION
650 _aBUILT ENVIRONMENT
650 _aCAREERS, EDUCATION AND TRAINING
650 _aENERGY
_96237
650 _aEnvironment
_96238
650 _aTRANSPORT
690 _aBUILT ENVIRONMENT
856 4 0 _uhttps://www.id-strategies.com/fecp
_zView the website free of charge at www.id-strategies.com/fecp...
942 _n0
999 _c119908
_d119908